000
00235nam a2200097Ia 4500
001
760675
005
20250826165153.0
008
250824s9999 xx 000 0 und d
245
0
_a
SON ADIM AŞK
_c
KIMBERLY FISK
260
_b
MARTI YAYINLARI
999
_c
760675
_d
760675